Dutch Municipalities: Overijssel (Map) Quiz Stats

 Plays Quiz not verified by Sporcle

Score 0/25 Timer 10:00
0 Plays Today
% Correct
Zwolle
100%
Enschede
98.4%
Hengelo
97.3%
Almelo
96.2%
Deventer
94.1%
Kampen
93.5%
Oldenzaal
84.3%
Hardenberg
81.1%
Ommen
80%
Staphorst
74.1%
Raalte
74.1%
Hof van Twente
73.5%
Haaksbergen
72.4%
% Correct
Steenwijkerland
70.3%
Twenterand
68.6%
Dalfsen
68.1%
Hellendoorn
67%
Losser
65.4%
Borne
64.3%
Zwartewaterland
62.2%
Olst-Wijhe
60%
Tubbergen
59.5%
Rijssen-Holten
58.4%
Wierden
56.2%
Dinkelland
49.7%

You're not logged in!

Compare scores with friends on all Sporcle quizzes.
OR
Log In

Sporcle TV

Today on Sporcle TV


Watch our educational content, quiz creation guides, and fun videos on Sporcle TV.

Show Comments

Extras

Top Quizzes Today


Score Distribution

Your Account Isn't Verified!

In order to create a playlist on Sporcle, you need to verify the email address you used during registration. Go to your Sporcle Settings to finish the process.

Report this User

Report this user for behavior that violates our Community Guidelines.

Details: